Tetzáhuitl : (Record no. 10802)

MARC details
000 -CABECERA
campo de control de longitud fija 02382nam a22004337a 4500
001 - NÚMERO DE CONTROL
campo de control BRCA_9183
003 - IDENTIFICADOR DEL NÚMERO DE CONTROL
campo de control FranzMayer
005 - FECHA Y HORA DE LA ÚLTIMA TRANSACCIÓN
campo de control 20220809132231.0
008 - DATOS DE LONGITUD FIJA--INFORMACIÓN GENERAL
campo de control de longitud fija 220701b |||||||| |||| 00| 0 spa d
020 ## - NÚMERO INTERNACIONAL ESTÁNDAR DEL LIBRO
Número Internacional Estándar del Libro 9786075393636
040 ## - FUENTE DE LA CATALOGACIÓN
Centro/agencia transcriptor MFM
041 0# - CÓDIGO DE LENGUA
Código de lengua del texto/banda sonora o título independiente spa
050 ## - SIGNATURA TOPOGRÁFICA DE LA BIBLIOTECA DEL CONGRESO
Número de clasificación F1218.5
Número de documento/Ítem T48 2019
245 00 - MENCIÓN DE TÍTULO
Título Tetzáhuitl :
Resto del título Los presagios de la conquista de México
260 ## - PUBLICACIÓN, DISTRIBUCIÓN, ETC.
Lugar de publicación, distribución, etc. Ciudad de México
Nombre del editor, distribuidor, etc. Museo del Templo Mayor
Fecha de publicación, distribución, etc. 2019
300 ## - DESCRIPCIÓN FÍSICA
Extensión 239 p. :
Otras características físicas il. y fot. ;
Dimensiones 22 x 30 cm.
490 ## - MENCIÓN DE SERIE
Mención de serie Museos y Galerías
500 ## - NOTA GENERAL
Nota general Ubicación: L59-N5
500 ## - NOTA GENERAL
Nota general Incluye imágenes de piezas del Museo Franz Mayer (p. 144-147)
500 ## - NOTA GENERAL
Nota general Incluye índice y lista de obra en exposición
504 ## - NOTA DE BIBLIOGRAFÍA, ETC.
Nota de bibliografía, etc. Bibliografía: p. 225-231
505 2# - NOTA DE CONTENIDO CON FORMATO
Título Presentaciones /
Mención de responsabilidad Alejandra Frausto Guerrero (Secretaria de Cultura) y Diego Prieto Hernández (Director General de Instituto Nacional de Antropología e Historia)
505 ## - NOTA DE CONTENIDO CON FORMATO
Título Introducción
Mención de responsabilidad Patricia Ledesma Bouchan
505 ## - NOTA DE CONTENIDO CON FORMATO
Título ¿Qué es un augurio? Una fuente básica para entender el concepto /
Mención de responsabilidad Alfredo López Austin
505 ## - NOTA DE CONTENIDO CON FORMATO
Título Controlar el futuro e integrar al otro: los presagios de la conquista de México /
Mención de responsabilidad Guilhem Oliver
505 ## - NOTA DE CONTENIDO CON FORMATO
Título Signos del final de los tiempo. Los ocho presagios de la Conquista del Códice Florentino /
Mención de responsabilidad Berenice Alcántara Rojas
505 ## - NOTA DE CONTENIDO CON FORMATO
Título Breve apunte sobre los espejos /
Mención de responsabilidad Bertina Olmedo Vera
505 ## - NOTA DE CONTENIDO CON FORMATO
Título El hombre del espejo: el espejo de obsidiana de John Dee en el Museo Británico de Londres /
Mención de responsabilidad Rachel King
505 ## - NOTA DE CONTENIDO CON FORMATO
Título Señales y profecías en el mundo de los conquistadores /
Mención de responsabilidad Bernard Grunberg
505 ## - NOTA DE CONTENIDO CON FORMATO
Título La invención profética entre los mayas de hoy y de ayer /
Mención de responsabilidad Valentina Vapnarsky
505 ## - NOTA DE CONTENIDO CON FORMATO
Título Agüeros y presagios de la caída del Tahuantinsuyu /
Mención de responsabilidad Luis Millones y Renata Mayer
505 ## - NOTA DE CONTENIDO CON FORMATO
Título Provocar la suerte, aprovechar la oportunidad: los presagios en la Antigüedad griega y romana /
Mención de responsabilidad Renée Koch Piettre
520 ## - SUMARIO, ETC.
Sumario, etc. Catálogo de la exposición temporal "Tetzáhuitl. Los presagios de la conquista de México" en el Museo del Templo Mayor (Noviembre 2019 - Marzo 2020 Ciudad de México)
650 ## - PUNTO DE ACCESO ADICIONAL DE MATERIA--TÉRMINO DE MATERIA
Término de materia o nombre geográfico como elemento de entrada Indígenas de México
Subdivisión general Museos
Subdivisión de forma Catálogos
9 (RLIN) 28400
651 ## - PUNTO DE ACCESO ADICIONAL DE MATERIA--NOMBRE GEOGRÁFICO
Nombre geográfico México
Subdivisión general Historia
Subdivisión cronológica Conquista, 1519-1540
9 (RLIN) 442
655 ## - TÉRMINO DE INDIZACIÓN--GÉNERO/FORMA
Datos o término principal de género/forma Catálogos
9 (RLIN) 28401
942 ## - ELEMENTOS DE PUNTO DE ACCESO ADICIONAL (KOHA)
Fuente del sistema de clasificación o colocación Library of Congress Classification
Tipo de ítem Koha Libros
Holdings
Estado de retiro Estado de pérdida Fuente del sistema de clasificación o colocación Estado dañado No para préstamo Localización permanente Ubicación/localización actual Fecha de adquisición Total de préstamos Signatura topográfica completa Código de barras Fecha visto por última vez Precio válido a partir de Tipo de ítem Koha
El ejemplar forma parte de la colección y puede ser consultado según las políticas vigentes.   Library of Congress Classification     Biblioteca del Museo Franz Mayer (Rogerio Casas-Alatriste) Biblioteca del Museo Franz Mayer (Rogerio Casas-Alatriste) 01/07/2022   F1218.5 T48 2019 CONT9956 01/07/2022 01/07/2022 Libros
El ejemplar forma parte de la colección y puede ser consultado según las políticas vigentes.   Library of Congress Classification     Biblioteca del Museo Franz Mayer (Rogerio Casas-Alatriste) Biblioteca del Museo Franz Mayer (Rogerio Casas-Alatriste) 07/07/2022   F1218.5 T48 2019 CONT9966 07/07/2022 07/07/2022 Libros